Ilorin journal of marketing (Record no. 38274)

MARC details
000 -LEADER
fixed length control field 00520nam a2200169Ia 4500
022 ## - INTERNATIONAL STANDARD SERIAL NUMBER
ISSN 24657417
050 ## - CALL MARK
Classification number Z 665.2.D44 .I46/
245 #0 - TITLE STATEMENT
Title Ilorin journal of marketing
260 ## - PUBLICATION, DISTRIBUTION, ETC. (IMPRINT)
Place of publication Ilorin, Nigeria
260 ## - PUBLICATION, DISTRIBUTION, ETC. (IMPRINT)
Name of publisher Doja press
260 ## - PUBLICATION, DISTRIBUTION, ETC. (IMPRINT)
Year of publication 2015
300 ## - PHYSICAL DESCRIPTION
Number of Pages VI, 144 P. :ill. ; 24 cm.
650 ## - SUBJECT ADDED ENTRY--TOPICAL TERM
Topical Term Library science--Developing countries. Information science--Developing countries. Libraries--Developing countries.
942 ## - ADDED ENTRY ELEMENTS (KOHA)
Koha item type Serials

No items available.